| 000 | 00874cam a2200289 i 4500 | ||
|---|---|---|---|
| 008 | |||
| 020 | _a0683003720 (hbk.) | ||
| 049 | _aMAIN | ||
| 090 |
_aQM23.2 _bGRA |
||
| 100 | 1 | _aGrant, J. C. Boileau | |
| 245 | 1 | 0 |
_aGrant's Method of anatomy : _bby regions, descriptive and deductive / _cJohn V Basmajian. |
| 250 | _a9th ed. | ||
| 260 |
_aBaltimore : _bWilliams & Wilkins, _c1975. |
||
| 300 |
_axvii, 654 p. : _bill. ; _c26 cm. |
||
| 500 | _aIncludes index. | ||
| 504 | _aIncludes bibliographical references. | ||
| 650 | 0 | _aHuman anatomy. | |
| 650 | 0 | _aAnatomy, Surgical and topographical. | |
| 650 | 2 | _aAnatomy. | |
| 700 | 1 | _aBasmajian, John V. | |
| 740 | _aMethod of anatomy. | ||
| 907 |
_a.b10370158 _b29-02-16 _c24-02-16 |
||
| 003 | |||
| 005 | 20230120204211.0 | ||
| 040 | _cNUST | ||
| 942 |
_cBOOKS _kQM23.2 _mGRA |
||
| 999 |
_c118927 _d118927 |
||